|
|
|
|
| LEADER |
01261nam a22002657a 4500 |
| 001 |
38998 |
| 003 |
BD-DhAAL |
| 008 |
220622t2020 xxua|||| |||| 00| 0 eng d |
| 999 |
|
|
|c 44457
|d 44457
|
| 020 |
|
|
|a 9781734790139
|
| 040 |
|
|
|a BD-DhAAL
|c BD-DhAAL
|
| 082 |
|
|
|a 006.35
|2 23
|
| 245 |
|
|
|a Natural language processing crash course for beginners :
|b theory and applications of NLP using TensorFlow and Keras /
|c AI Publishing.
|
| 260 |
|
|
|a United States :
|b AI Publishing,
|c c2020.
|
| 300 |
|
|
|a 332 pages :
|b illustrations ;
|c 23 cm.
|
| 526 |
|
|
|a CSE
|
| 541 |
|
|
|a R K Corporation
|e 38998, 38999
|
| 650 |
|
|
|a Natural language processing (Computer science).
|9 49620
|
| 650 |
|
|
|a Python (Computer program language).
|9 49621
|
| 650 |
|
|
|a Computer science.
|9 49622
|
| 710 |
|
|
|a AI Publishing.
|9 49623
|
| 852 |
|
|
|a Ayesha Abed Library
|c General Stacks
|
| 942 |
|
|
|2 ddc
|c BK
|
| 952 |
|
|
|0 0
|1 0
|2 ddc
|4 0
|6 006_350000000000000_NAT
|7 0
|9 71078
|a BRACUL
|b BRACUL
|c GEN
|d 2022-06-21
|e R K Corporation
|g 2400.00
|l 6
|m 47
|o 006.35 NAT
|p 3010038998
|r 2026-02-01
|s 2025-10-31
|t 1
|v 2400.00
|w 2022-06-21
|y BK
|
| 952 |
|
|
|0 0
|1 0
|2 ddc
|4 0
|6 006_350000000000000_NAT
|7 0
|9 71079
|a BRACUL
|b BRACUL
|c GEN
|d 2022-06-21
|e R K Corporation
|g 2400.00
|l 5
|m 58
|o 006.35 NAT
|p 3010038999
|r 2026-03-02
|s 2026-01-14
|t 2
|v 2400.00
|w 2022-06-21
|y BK
|